[Event "BL2 Gr03 0506 (Women)"]
[Site "Germany"]
[Date "2005.10.29"]
[Round "1.1"]
[White "Kucypera, Anna"]
[Black "Zickelbein, Eva Maria"]
[Result "0-1"]
[WhiteElo "2150"]
[BlackElo "2024"]
[PlyCount "77"]
[EventDate "2005.10.29"]
[EventType "team-tourn"]
[EventRounds "7"]
[EventCountry "GER"]
[SourceTitle "EXT 2007"]
[Source "ChessBase"]
[SourceDate "2006.11.23"]
[SourceVersion "1"]
[SourceVersionDate "2006.11.23"]
[SourceQuality "1"]
[WhiteTeam "Guben"]
[BlackTeam "Hamburger SK II"]
[WhiteTeamCountry "GER"]
[BlackTeamCountry "GER"]

1. e4 e5 2. Nf3 Nc6 3. d4 exd4 4. Nxd4 Bc5 5. Nb3 Bb6 6. Nc3 Qf6 7. Qe2 Nge7 8. Be3 0-0 9. 0-0-0 d6 10. h3 Be6 11. f4 Bxb3 12. axb3 Ba5 13. Nd5 Nxd5 14. exd5 Nb4 15. Qf2 Bb6 16. Bd4 Bxd4 17. Rxd4 a5 18. g4 Rfe8 19. c3 c5 20. Rd1 a4 21. Bb5 Re4 22. bxa4 Rxf4 23. Qe1 Na6 24. Rf1 Nc7 25. Qe2 Nxb5 26. Qxb5 Rxf1 27. Rxf1 Qg5+ 28. Kb1 Qxd5 29. Re1 g6 30. Qd7 Qd3+ 31. Kc1 Qxh3 32. Qxb7 Rxa4 33. Re8+ Kg7 34. Qe7 Ra1+ 35. Kd2 Qg2+ 36. Kd3 Qd5+ 37. Ke2 Qd1+ 38. Kf2 Qg1+ 39. Kf3 0-1

[Event "GER-chT2 (Women) 0405"]
[Site "Germany"]
[Date "2004.12.05"]
[Round "4"]
[White "Leib, Britta"]
[Black "Kucypera, Anna"]
[Result "0-1"]
[WhiteElo "2062"]
[BlackElo "2231"]
[PlyCount "58"]
[EventDate "2004.11.06"]
[EventType "team"]
[EventRounds "9"]
[EventCountry "GER"]
[SourceTitle "EXT 2006"]
[Source "ChessBase"]
[SourceDate "2005.11.24"]
[SourceVersion "1"]
[SourceVersionDate "2005.11.24"]
[SourceQuality "1"]

1. e4 c5 2. Nf3 Nc6 3. d4 cxd4 4. Nxd4 Nf6 5. Nc3 e5 6. Ndb5 d6 7. Nd5 Nxd5 8. exd5 Ne7 9. c4 Nf5 10. Bd3 Nh4 11. 0-0 Be7 12. f4 a6 13. Nc3 exf4 14. Bxf4 0-0 15. Kh1 f5 16. b4 g5 17. Bd2 Rf7 18. g3 Ng6 19. Qc2 Qf8 20. Na4 Bd8 21. c5 Ne5 22. Be2 f4 23. gxf4 Bf5 24. Qc1 Be4+ 25. Kg1 gxf4 26. Bxf4 Qg7+ 27. Bg3 Rxf1+ 28. Qxf1 Bg5 29. Qh3 Rf8 0-1

[Event "GER-chT2 (Women) 0405"]
[Site "Germany"]
[Date "2004.11.06"]
[Round "1"]
[White "Kucypera, Anna"]
[Black "Kludacz, Magdalena"]
[Result "1/2-1/2"]
[WhiteElo "2242"]
[BlackElo "2212"]
[PlyCount "26"]
[EventDate "2004.11.06"]
[EventType "team"]
[EventRounds "9"]
[EventCountry "GER"]
[SourceTitle "EXT 2006"]
[Source "ChessBase"]
[SourceDate "2005.11.24"]
[SourceVersion "1"]
[SourceVersionDate "2005.11.24"]
[SourceQuality "1"]

1. e4 e6 2. d4 d5 3. Nc3 Bb4 4. exd5 exd5 5. a3 Bxc3+ 6. bxc3 Nf6 7. Bg5 0-0 8. Bd3 Re8+ 9. Ne2 Bg4 10. 0-0 Bh5 11. Re1 Nbd7 12. Qb1 Qc8 13. Ng3 Bg6 1/2-1/2

[Event "BL2 Gr3 0304 (Women)"]
[Site "Germany"]
[Date "2004.01.11"]
[Round "5.1"]
[White "Kind, Veronika"]
[Black "Kucypera, Anna"]
[Result "0-1"]
[WhiteElo "2016"]
[BlackElo "2236"]
[PlyCount "74"]
[EventDate "2003.10.25"]
[EventType "team-tourn"]
[EventRounds "7"]
[EventCountry "GER"]
[SourceTitle "EXT 2006"]
[Source "ChessBase"]
[SourceDate "2005.11.24"]
[SourceVersion "1"]
[SourceVersionDate "2005.11.24"]
[SourceQuality "1"]
[WhiteTeam "Ruedersdorf (W)"]
[BlackTeam "Guben (W)"]
[WhiteTeamCountry "GER"]
[BlackTeamCountry "GER"]

1. e4 d6 2. d4 c6 3. Nf3 Nf6 4. Nc3 Nbd7 5. Bc4 b5 6. Bd3 b4 7. Ne2 e5 8. Ng3 g6 9. dxe5 dxe5 10. Bc4 Be7 11. Bg5 Qc7 12. 0-0 Nb6 13. Be2 0-0 14. Qc1 Rd8 15. c3 a5 16. cxb4 axb4 17. Qc2 Bb7 18. Bxf6 Bxf6 19. Qc5 Be7 20. Qe3 Ra5 21. Rfd1 Re8 22. Nf1 Na4 23. Qb3 Nc5 24. Qc2 Ne6 25. Ne3 Ba6 26. Bxa6 Rxa6 27. Nc4 Bf6 28. Qb3 Rea8 29. Qe3 Bg7 30. a3 Rxa3 31. Rxa3 bxa3 32. bxa3 Rd8 33. Rxd8+ Qxd8 34. h3 Qd1+ 35. Kh2 f6 36. g3 h5 37. Qd2 Qxf3 0-1

[Event "POL-chT 59th"]
[Site "Lubniewice"]
[Date "2003.09.06"]
[Round "8"]
[White "Worek, Joanna"]
[Black "Kucypera, Anna"]
[Result "1-0"]
[WhiteElo "2241"]
[BlackElo "2227"]
[PlyCount "94"]
[EventDate "2003.08.30"]
[EventType "team-tourn"]
[EventRounds "9"]
[EventCountry "POL"]
[SourceTitle "EXT 2019"]
[Source "ChessBase"]
[SourceDate "2018.10.10"]
[SourceVersion "1"]
[SourceVersionDate "2018.10.10"]
[SourceQuality "1"]
[WhiteTeam "Plock PTSz"]
[BlackTeam "Wroclaw Polonia"]
[WhiteTeamCountry "POL"]
[BlackTeamCountry "POL"]

1. d4 Nf6 2. c4 g6 3. Nc3 Bg7 4. Nf3 d6 5. e4 0-0 6. Be2 e5 7. Be3 Ng4 8. Bg5 f6 9. Bh4 Nc6 10. d5 Ne7 11. Nd2 Nh6 12. f3 c5 13. dxc6 bxc6 14. b4 Be6 15. Nb3 d5 16. Na5 dxc4 17. Bxc4 Bxc4 18. Nxc4 Qc7 19. 0-0 Rfd8 20. Qb3 Kh8 21. Na4 g5 22. Bf2 Ng6 23. Nc5 Qf7 24. g3 f5 25. Rad1 f4 26. Nd6 Qxb3 27. Nxb3 Bf8 28. Bc5 Bxd6 29. Bxd6 Rd7 30. Na5 Rc8 31. Bc5 Rdc7 32. Rd3 g4 33. Rfd1 gxf3 34. Rxf3 Nf7 35. Rfd3 Ng5 36. Rd8+ Rxd8 37. Rxd8+ Kg7 38. Bd6 Rf7 39. Nxc6 fxg3 40. hxg3 Kh6 41. Bb8 Nxe4 42. Nxe5 Nxe5 43. Bxe5 Rf3 44. Rg8 Ra3 45. g4 Rf3 46. Bb2 Ng5 47. Kg2 Rf4 1-0

[Event "POL-chT 59th"]
[Site "Lubniewice"]
[Date "2003.09.05"]
[Round "7"]
[White "Kucypera, Anna"]
[Black "Erenska Barlo, Hanna"]
[Result "1-0"]
[WhiteElo "2227"]
[BlackElo "2244"]
[PlyCount "113"]
[EventDate "2003.08.30"]
[EventType "team-tourn"]
[EventRounds "9"]
[EventCountry "POL"]
[SourceTitle "EXT 2019"]
[Source "ChessBase"]
[SourceDate "2018.10.10"]
[SourceVersion "1"]
[SourceVersionDate "2018.10.10"]
[SourceQuality "1"]
[WhiteTeam "Wroclaw Polonia"]
[BlackTeam "Poznan Pocztowiec"]
[WhiteTeamCountry "POL"]
[BlackTeamCountry "POL"]

1. e4 c5 2. Nf3 a6 3. c4 d6 4. d4 cxd4 5. Nxd4 Nf6 6. Nc3 e6 7. Be2 Be7 8. 0-0 0-0 9. Be3 Qc7 10. Rc1 Nbd7 11. f4 Re8 12. b3 b6 13. Bf3 Bb7 14. Qc2 Bf8 15. Nde2 Rac8 16. g4 Nb8 17. g5 Nfd7 18. Qd2 Bc6 19. Ng3 Qb7 20. Qg2 b5 21. cxb5 axb5 22. Nce2 Nc5 23. Nd4 Bd7 24. f5 e5 25. Nde2 b4 26. Nh5 d5 27. Bxc5 Rxc5 28. Kh1 Rxc1 29. Rxc1 Kh8 30. g6 fxg6 31. fxg6 Qa6 32. exd5 Qxg6 33. Qxg6 hxg6 34. Nhg3 Bf5 35. Ne4 Kg8 36. N2g3 Nd7 37. Rc6 Ra8 38. Rc2 Nf6 39. Rd2 Rd8 40. Ng5 Bc5 41. Nxf5 gxf5 42. Ne6 Rc8 43. Rc2 Nd7 44. Be2 Kh7 45. Bb5 Nb6 46. Rxc5 Rxc5 47. Nxc5 Nxd5 48. Nd3 e4 49. Bc4 Nb6 50. Nxb4 g5 51. a4 Kg6 52. Kg2 Nc8 53. Nd5 f4 54. Bb5 Kf5 55. Bd7+ Ke5 56. Bxc8 Kxd5 57. Bb7+ 1-0

[Event "POL-chT 59th"]
[Site "Lubniewice"]
[Date "2003.09.02"]
[Round "4"]
[White "Maszota, Natalia"]
[Black "Kucypera, Anna"]
[Result "0-1"]
[WhiteElo "2063"]
[BlackElo "2227"]
[PlyCount "78"]
[EventDate "2003.08.30"]
[EventType "team-tourn"]
[EventRounds "9"]
[EventCountry "POL"]
[SourceTitle "EXT 2019"]
[Source "ChessBase"]
[SourceDate "2018.10.10"]
[SourceVersion "1"]
[SourceVersionDate "2018.10.10"]
[SourceQuality "1"]
[WhiteTeam "Gorzow Wielkopolski Stilon"]
[BlackTeam "Wroclaw Polonia"]
[WhiteTeamCountry "POL"]
[BlackTeamCountry "POL"]

1. d4 d6 2. e4 c6 3. Nc3 Nd7 4. Be3 e5 5. d5 Ngf6 6. f3 Be7 7. Nge2 0-0 8. g4 cxd5 9. Nxd5 Nxd5 10. exd5 Nb6 11. Qd3 Bh4+ 12. Kd2 f5 13. Bg2 Bg5 14. f4 exf4 15. Nxf4 Qf6 16. c3 fxg4 17. Rhf1 Bf5 18. Be4 Bxe4 19. Qxe4 Rae8 20. Ne6 Bxe3+ 21. Kxe3 Nxd5+ 22. Qxd5 Rxe6+ 23. Kd2 Qe5 24. Rxf8+ Kxf8 25. Rf1+ Rf6 26. Rxf6+ gxf6 27. Qxb7 Qxh2+ 28. Kd3 Qg3+ 29. Kc4 Qf4+ 30. Kb3 Qe3 31. Qc8+ Kf7 32. Kc2 Qe2+ 33. Kc1 g3 34. Qd7+ Qe7 35. Qh3 Qe1+ 36. Kc2 Qe4+ 37. Kd2 g2 38. Qh5+ Kg7 39. Qh2 Qf3 0-1

[Event "POL-chT 59th"]
[Site "Lubniewice"]
[Date "2003.09.01"]
[Round "3"]
[White "Guzik, Jolanta"]
[Black "Kucypera, Anna"]
[Result "1/2-1/2"]
[WhiteElo "2139"]
[BlackElo "2227"]
[PlyCount "95"]
[EventDate "2003.08.30"]
[EventType "team-tourn"]
[EventRounds "9"]
[EventCountry "POL"]
[SourceTitle "EXT 2019"]
[Source "ChessBase"]
[SourceDate "2018.10.10"]
[SourceVersion "1"]
[SourceVersionDate "2018.10.10"]
[SourceQuality "1"]
[WhiteTeam "Jaworzno JKSz MCKiS"]
[BlackTeam "Wroclaw Polonia"]
[WhiteTeamCountry "POL"]
[BlackTeamCountry "POL"]

1. c4 Nf6 2. Nc3 d5 3. d4 g6 4. Nf3 Bg7 5. Bf4 c6 6. e3 0-0 7. h3 Qa5 8. Qd2 Bf5 9. Be2 Na6 10. a3 dxc4 11. Bxc4 b5 12. Ba2 Qb6 13. b4 Nc7 14. 0-0 a5 15. Rfc1 axb4 16. axb4 Ncd5 17. Nxd5 cxd5 18. Bb3 Rxa1 19. Rxa1 Rc8 20. Qa2 Qb7 21. Ne5 h6 22. g4 Be6 23. Nd3 Ne4 24. Nc5 Nxc5 25. bxc5 Qd7 26. Qa7 g5 27. Bg3 Bf6 28. Ra6 h5 29. Qxd7 Bxd7 30. Bxd5 hxg4 31. hxg4 Bxg4 32. Bb7 Re8 33. Bc6 Rc8 34. Bxb5 Kg7 35. Ra7 Bf3 36. Bd7 Rh8 37. Bh2 g4 38. c6 Bg5 39. Ra3 e6 40. c7 g3 41. fxg3 Bb7 42. g4 Rh3 43. c8Q Bxc8 44. Bxc8 Rxe3 45. Ra7 Re4 46. Be5+ Rxe5 47. Rxf7+ Kxf7 48. dxe5 1/2-1/2

[Event "Dresden Infineon YM (Women)"]
[Site "Dresden"]
[Date "2003.08.??"]
[Round "?"]
[White "Kucypera, Anna"]
[Black "Schmidt, Jessica"]
[Result "1/2-1/2"]
[WhiteElo "2227"]
[BlackElo "2265"]
[PlyCount "36"]
[EventDate "2003.08.??"]
[EventType "tourn"]
[EventRounds "10"]
[EventCountry "GER"]
[SourceTitle "EXT 2005"]
[Source "ChessBase"]
[SourceDate "2004.11.15"]
[SourceVersion "1"]
[SourceVersionDate "2004.11.15"]
[SourceQuality "1"]

1. e4 c5 2. Nf3 e6 3. d3 Nc6 4. g3 d6 5. Bg2 g6 6. d4 Bg7 7. dxc5 dxc5 8. Qxd8+ Nxd8 9. Nc3 Nf6 10. Bf4 Nh5 11. Bd6 Bxc3+ 12. bxc3 b6 13. g4 Ng7 14. 0-0-0 Bb7 15. Nd2 Nc6 16. Nc4 0-0-0 17. Bf4 Ne8 18. Rhe1 h5 1/2-1/2

[Event "Wroclaw-ch"]
[Site "Wroclaw"]
[Date "2003.??.??"]
[Round "4"]
[White "Grabarczyk, Miroslaw"]
[Black "Kucypera, Anna"]
[Result "1-0"]
[WhiteElo "2505"]
[BlackElo "2225"]
[PlyCount "79"]
[EventDate "2003.??.??"]
[EventType "swiss"]
[EventRounds "9"]
[EventCountry "POL"]
[SourceTitle "EXT 2007"]
[Source "ChessBase"]
[SourceDate "2006.11.23"]
[SourceVersion "1"]
[SourceVersionDate "2006.11.23"]
[SourceQuality "1"]

1. d4 Nf6 2. c4 g6 3. g3 Bg7 4. Bg2 d6 5. Nc3 0-0 6. Nf3 Nc6 7. 0-0 a6 8. Bf4 Rb8 9. Rc1 Nd7 10. Qd2 e5 11. Bg5 f6 12. Be3 f5 13. dxe5 Ndxe5 14. Bh6 Be6 15. Bxg7 Kxg7 16. Nd5 Nxf3+ 17. exf3 Ne5 18. Rfe1 Bxd5 19. cxd5 Rf7 20. f4 Nd7 21. Qc3+ Nf6 22. Re6 Qd7 23. h3 h5 24. Rce1 Rc8 25. Qd4 Rcf8 26. a4 Kh7 27. b3 Ne8 28. Qa7 Ng7 29. Qxb7 Nxe6 30. dxe6 Qe7 31. a5 Rg7 32. h4 Rd8 33. Bd5 c5 34. Qxa6 Qa7 35. Qxa7 Rxa7 36. Bc6 Re7 37. a6 d5 38. a7 Rxa7 39. e7 Rb8 40. e8Q 1-0

[Event "BL2 West 0203 (Women)"]
[Site "Germany"]
[Date "2003.??.??"]
[Round "5"]
[White "Kucypera, Anna"]
[Black "Kludacz, Magdalena"]
[Result "1-0"]
[WhiteElo "2176"]
[BlackElo "2228"]
[PlyCount "103"]
[EventDate "2002.10.??"]
[EventType "team-tourn"]
[EventRounds "7"]
[EventCountry "GER"]
[SourceTitle "EXT 2006"]
[Source "ChessBase"]
[SourceDate "2005.11.24"]
[SourceVersion "1"]
[SourceVersionDate "2005.11.24"]
[SourceQuality "1"]

1. e4 e6 2. d3 d5 3. Nd2 c5 4. g3 g6 5. Bg2 Bg7 6. Ngf3 Nf6 7. 0-0 0-0 8. Re1 Nc6 9. c3 b6 10. e5 Nd7 11. d4 a5 12. Nf1 f6 13. exf6 Qxf6 14. Bg5 Qf7 15. Bf4 h6 16. h4 Bb7 17. Ne3 cxd4 18. Ng4 e5 19. Bxh6 Qf5 20. Ng5 e4 21. Bxg7 Kxg7 22. cxd4 Nb4 23. Bh3 Nb8 24. Re2 Re8 25. a3 Ba6 26. axb4 Bxe2 27. Qxe2 Nc6 28. Rd1 Nxb4 29. Ne5 Qf6 30. Qg4 Ra7 31. Ne6+ Rxe6 32. Qxe6 Qxe6 33. Bxe6 Rc7 34. Rd2 Rc1+ 35. Kh2 Kf6 36. Bh3 Kg7 37. g4 b5 38. g5 Nc2 39. Be6 e3 40. fxe3 Nxe3 41. Rf2 Rc7 42. Nd7 Rc2 43. Rxc2 Nxc2 44. Bxd5 Nxd4 45. Ne5 Nf5 46. Nxg6 a4 47. Kh3 Ne3 48. Nf4 b4 49. h5 b3 50. h6+ Kh8 51. g6 Nf5 52. g7+ 1-0

[Event "Wroclaw-ch"]
[Site "Wroclaw"]
[Date "2003.??.??"]
[Round "7"]
[White "Matras Clement, Agnieszka"]
[Black "Kucypera, Anna"]
[Result "0-1"]
[WhiteElo "2225"]
[BlackElo "2225"]
[PlyCount "166"]
[EventDate "2003.??.??"]
[EventType "swiss"]
[EventRounds "9"]
[EventCountry "POL"]
[SourceTitle "EXT 2007"]
[Source "ChessBase"]
[SourceDate "2006.11.23"]
[SourceVersion "1"]
[SourceVersionDate "2006.11.23"]
[SourceQuality "1"]

1. e4 c5 2. Nc3 Nc6 3. f4 g6 4. Nf3 Bg7 5. g3 d6 6. Bg2 e6 7. d3 Nge7 8. 0-0 0-0 9. Be3 Nd4 10. e5 Nef5 11. Bf2 Rb8 12. Ne4 Nxf3+ 13. Qxf3 dxe5 14. Bxc5 Re8 15. fxe5 Bxe5 16. g4 b6 17. Ba3 Bb7 18. gxf5 exf5 19. Qh3 fxe4 20. Rxf7 Qd4+ 21. Kh1 Bg7 22. Raf1 Bc8 23. Qg3 Be6 24. Re7 Qe5 25. Qxe5 Bxe5 26. Rxe8+ Rxe8 27. Bxe4 Rc8 28. Rf2 b5 29. Re2 Bxa2 30. b3 Bc3 31. Bd5+ Kh8 32. Re4 Bb1 33. Be6 Re8 34. Re2 Kg7 35. Bc5 Kf6 36. Bg4 Rxe2 37. Bxe2 Bxc2 38. Bxa7 Bxb3 39. d4 Bc4 40. Bf3 Ke6 41. Kg1 Be1 42. Bg4+ Kd6 43. Bc5+ Kc6 44. Bf3+ Bd5 45. Bd1 Bd2 46. Kf2 Bf4 47. h3 Bd6 48. Bxd6 Kxd6 49. Kg3 g5 50. Kf2 Be6 51. Kg3 b4 52. h4 h6 53. hxg5 hxg5 54. Bc2 Bd7 55. Bb3 Be6 56. Bc2 Bc8 57. Bb3 Bf5 58. Kf3 Kc6 59. Ke3 Kb5 60. Kf3 Kc6 61. Ke3 Kd6 62. Kf3 Ke7 63. Ke3 Kf6 64. Kd2 Be6 65. Bd1 Bd5 66. Bg4 Be4 67. Kc1 Bf5 68. Be2 Be6 69. Bd3 g4 70. Be4 Kg5 71. d5 Bd7 72. Kb2 Kf4 73. Bg2 Ba4 74. d6 Kg3 75. Bd5 Kf4 76. d7 Bxd7 77. Kb3 Bf5 78. Kxb4 Be4 79. Be6 g3 80. Bh3 Bf5 81. Bg2 Ke3 82. Kc3 Kf2 83. Bd5 Bg4 0-1

[Event "POL-chT 58th 1st League"]
[Site "Ustron"]
[Date "2002.??.??"]
[Round "?"]
[White "Guzik, Jolanta"]
[Black "Kucypera, Anna"]
[Result "0-1"]
[WhiteElo "2076"]
[BlackElo "2169"]
[PlyCount "63"]
[EventDate "2002.09.07"]
[EventType "team-tourn"]
[EventRounds "9"]
[EventCountry "POL"]
[SourceTitle "EXT 2019"]
[Source "ChessBase"]
[SourceDate "2018.10.10"]
[SourceVersion "1"]
[SourceVersionDate "2018.10.10"]
[SourceQuality "1"]
[WhiteTeam "Jaworzno JKSz MCKiS"]
[BlackTeam "Wroclaw Polonia"]
[WhiteTeamCountry "POL"]
[BlackTeamCountry "POL"]

1. c4 f5 2. Nc3 Nf6 3. g3 g6 4. Bg2 Bg7 5. e3 0-0 6. Nge2 e5 7. d3 d6 8. 0-0 Nc6 9. Rb1 a5 10. a3 g5 11. f4 gxf4 12. exf4 Be6 13. Nd5 Rb8 14. b4 axb4 15. axb4 Ne7 16. Nxf6+ Bxf6 17. Bb2 Ng6 18. Qc2 Qe7 19. Rbe1 c6 20. Kh1 Rbe8 21. Bc3 Kh8 22. Qb2 Qg7 23. b5 c5 24. fxe5 dxe5 25. Bh3 e4 26. Bxf6 Qxf6 27. Qxf6+ Rxf6 28. Nc3 exd3 29. Bg2 Re7 30. Bd5 Bxd5+ 31. Nxd5 Rxe1 32. Rxe1 0-1

[Event "POL-chT 58th 1st League"]
[Site "Ustron"]
[Date "2002.??.??"]
[Round "?"]
[White "Kucypera, Anna"]
[Black "Gazik, Renata"]
[Result "1/2-1/2"]
[WhiteElo "2169"]
[BlackElo "2157"]
[PlyCount "46"]
[EventDate "2002.09.07"]
[EventType "team-tourn"]
[EventRounds "9"]
[EventCountry "POL"]
[SourceTitle "EXT 2019"]
[Source "ChessBase"]
[SourceDate "2018.10.10"]
[SourceVersion "1"]
[SourceVersionDate "2018.10.10"]
[SourceQuality "1"]
[WhiteTeam "Wroclaw Polonia"]
[BlackTeam "Raciborz Rzemioslo"]
[WhiteTeamCountry "POL"]
[BlackTeamCountry "POL"]

1. e4 e6 2. d3 c5 3. g3 Nc6 4. Bg2 g6 5. Ne2 Bg7 6. 0-0 Nge7 7. Nbc3 0-0 8. Be3 Nd4 9. Qd2 Rb8 10. Nd1 Nec6 11. c3 Nxe2+ 12. Qxe2 d6 13. f4 Qc7 14. Nf2 b5 15. Rac1 b4 16. d4 bxc3 17. bxc3 Qa5 18. Rfd1 Ba6 19. Qd2 cxd4 20. cxd4 Qxd2 21. Bxd2 Rfe8 22. e5 d5 23. Bf1 Bxf1 1/2-1/2

[Event "BL2 West 0203 (Women)"]
[Site "Germany"]
[Date "2002.??.??"]
[Round "4"]
[White "Kucypera, Anna"]
[Black "Kolbe, Jana"]
[Result "1/2-1/2"]
[WhiteElo "2176"]
[BlackElo "2030"]
[PlyCount "111"]
[EventDate "2002.10.??"]
[EventType "team-tourn"]
[EventRounds "7"]
[EventCountry "GER"]
[SourceTitle "EXT 2006"]
[Source "ChessBase"]
[SourceDate "2005.11.24"]
[SourceVersion "1"]
[SourceVersionDate "2005.11.24"]
[SourceQuality "1"]

1. e4 c5 2. Nf3 Nc6 3. d4 cxd4 4. Nxd4 g6 5. c4 Bg7 6. Be3 Nf6 7. Nc3 Ng4 8. Qxg4 Nxd4 9. Qd1 Nc6 10. Qd2 0-0 11. Rc1 d6 12. Be2 Be6 13. f3 Qa5 14. 0-0 Rac8 15. b3 a6 16. Rfd1 f5 17. Nd5 Qxd2 18. Rxd2 fxe4 19. fxe4 Rf7 20. b4 Ne5 21. c5 Bg4 22. Bg5 Bxe2 23. Rxe2 Nd3 24. Rd1 Bd4+ 25. Be3 Bxe3+ 26. Rxe3 Nb2 27. Rc1 dxc5 28. bxc5 Na4 29. c6 Rxc6 30. Rxc6 bxc6 31. Nb4 c5 32. Nxa6 c4 33. Ra3 Nb2 34. Nc5 Nd1 35. Ne6 Rf6 36. Ra8+ Kf7 37. Ng5+ Kg7 38. Ra7 h6 39. Rxe7+ Kf8 40. Rd7 hxg5 41. Rxd1 Re6 42. Rd4 Rc6 43. Kf2 c3 44. Rd1 Ra6 45. Rc1 Rxa2+ 46. Ke3 c2 47. Kd3 Ra3+ 48. Kd2 Ra4 49. Kd3 Ra3+ 50. Kd4 Ra2 51. Kd3 Ra3+ 52. Kc4 Re3 53. Rxc2 Rxe4+ 54. Kd5 Re1 55. Rc4 Kf7 56. Rc2 1/2-1/2

[Event "POL-ch (Women)"]
[Site "Brzeg Dolny"]
[Date "2001.09.28"]
[Round "4"]
[White "Dworakowska, Joanna"]
[Black "Kucypera, Anna"]
[Result "1-0"]
[WhiteElo "2350"]
[BlackElo "2168"]
[PlyCount "75"]
[EventDate "2001.09.25"]
[EventType "tourn"]
[EventRounds "10"]
[EventCountry "POL"]
[SourceTitle "CBM 084 Extra"]
[Source "ChessBase"]
[SourceDate "2001.10.26"]
[SourceVersion "1"]
[SourceVersionDate "2001.10.26"]
[SourceQuality "1"]

1. e4 c5 2. Nf3 Nc6 3. d4 cxd4 4. Nxd4 e5 5. Nb5 d6 6. c4 Be7 7. b3 Nf6 8. N1c3 a6 9. Na3 Be6 10. Bd3 0-0 11. 0-0 Nd7 12. Nc2 Bg5 13. Be2 Be7 14. Bg4 Nc5 15. Be3 Qd7 16. Bxe6 Nxe6 17. Nd5 Rad8 18. b4 Bg5 19. Bb6 Rc8 20. a4 Kh8 21. a5 g6 22. Ra3 Ne7 23. Be3 Nxd5 24. exd5 Nf4 25. h4 Bh6 26. g3 Rxc4 27. gxf4 Rfc8 28. Ne1 Qh3 29. Ng2 Kg8 30. Rb3 Rc3 31. Rxc3 Rxc3 32. fxe5 Bg7 33. Bf4 Rc4 34. exd6 h6 35. Qe2 Rd4 36. Qe8+ Kh7 37. d7 Rxd5 38. d8Q 1-0

[Event "POL-ch (Women)"]
[Site "Brzeg Dolny"]
[Date "2001.09.26"]
[Round "2"]
[White "Socko, Monika"]
[Black "Kucypera, Anna"]
[Result "1-0"]
[WhiteElo "2389"]
[BlackElo "2168"]
[PlyCount "89"]
[EventDate "2001.09.25"]
[EventType "tourn"]
[EventRounds "10"]
[EventCountry "POL"]
[SourceTitle "CBM 084 Extra"]
[Source "ChessBase"]
[SourceDate "2001.10.26"]
[SourceVersion "1"]
[SourceVersionDate "2001.10.26"]
[SourceQuality "1"]

1. d4 Nf6 2. c4 g6 3. Nc3 Bg7 4. e4 d6 5. f4 c5 6. d5 0-0 7. Nf3 e6 8. Be2 exd5 9. cxd5 Re8 10. e5 Ng4 11. h3 Nh6 12. g4 Nd7 13. exd6 Qb6 14. 0-0 Qxd6 15. Kg2 a6 16. a4 f5 17. g5 Nf7 18. Nd2 Qe7 19. Bf3 Nd6 20. Rf2 Qe1 21. Qxe1 Rxe1 22. Be2 Bd4 23. Nf3 Bxf2 24. Kxf2 Rxe2+ 25. Kxe2 b6 26. Ne5 Ra7 27. Kd3 Kf8 28. b3 Rc7 29. Nc4 Nf7 30. Bb2 Rb7 31. Kc2 Rb8 32. h4 b5 33. axb5 axb5 34. Na5 Nd6 35. Nc6 Rb6 36. Ra8 Kf7 37. Nxb5 Rxb5 38. Be5 Nb6 39. Ra7+ Nb7 40. Nd8+ Kf8 41. Nxb7 Nxd5 42. Nd6 Rb8 43. Nc4 Nb4+ 44. Kc1 Rb7 45. Ra8 1-0

[Event "POL-chT2 South"]
[Site "Ustron"]
[Date "2001.09.??"]
[Round "?"]
[White "Kucypera, Anna"]
[Black "Gazik, Renata"]
[Result "0-1"]
[WhiteElo "2168"]
[BlackElo "2160"]
[PlyCount "88"]
[EventDate "2001.09.14"]
[EventType "team-swiss"]
[EventRounds "10"]
[EventCountry "POL"]
[SourceTitle "EXT 2019"]
[Source "ChessBase"]
[SourceDate "2018.10.10"]
[SourceVersion "1"]
[SourceVersionDate "2018.10.10"]
[SourceQuality "1"]

1. e4 e6 2. d4 d5 3. exd5 exd5 4. c4 Nf6 5. Nf3 c6 6. Nc3 Be7 7. Bd3 0-0 8. h3 dxc4 9. Bxc4 Nbd7 10. 0-0 Nb6 11. Bb3 Nbd5 12. Bc2 Re8 13. Re1 Qd6 14. Ne5 Be6 15. Bg5 Rad8 16. Nd3 Bf5 17. Nc5 Bxc2 18. Qxc2 Nb4 19. Qa4 Qxd4 20. Nxb7 Rb8 21. Be3 Qd3 22. Rad1 Qc2 23. Nd6 Qxa4 24. Nxa4 Bxd6 25. Rxd6 Nc2 26. Rc1 Nxe3 27. fxe3 Rxe3 28. Rdxc6 h6 29. Rc7 Ne4 30. Rxa7 Re2 31. Rac7 Rb5 32. R7c2 Re3 33. b3 Rg5 34. Kh2 f5 35. Nb6 f4 36. Rf1 Ng3 37. Rd1 Rge5 38. Rcc1 Re2 39. Nc4 Rg5 40. h4 Rg4 41. Kh3 h5 42. Nd6 Nf1 43. Nf5 Re3+ 44. g3 Rexg3+ 0-1

[Event "Polanica Zdroj op"]
[Site "Polanica Zdroj"]
[Date "2001.08.24"]
[Round "9"]
[White "Kucypera, Anna"]
[Black "Ginzburg, Mikhail"]
[Result "0-1"]
[WhiteElo "2168"]
[BlackElo "2274"]
[PlyCount "40"]
[EventDate "2001.08.16"]
[EventType "swiss"]
[EventRounds "10"]
[EventCountry "POL"]
[SourceTitle "EXT 2002"]
[Source "ChessBase"]
[SourceDate "2001.11.25"]
[SourceVersion "1"]
[SourceVersionDate "2001.11.25"]
[SourceQuality "1"]

1. e4 e6 2. d3 c5 3. Nf3 Nc6 4. g3 d5 5. Nbd2 Nf6 6. Bg2 Be7 7. 0-0 b6 8. Re1 Bb7 9. c3 0-0 10. e5 Nd7 11. Nf1 b5 12. h4 Qc7 13. Bf4 b4 14. N3h2 bxc3 15. bxc3 Qa5 16. Qd2 Rab8 17. h5 d4 18. cxd4 Qxd2 19. Bxd2 cxd4 20. Red1 Ba6 0-1